000 00715nam a2200229Ia 4500
003 OSt
005 20220923225558.0
006 a|||||r|||| 00| 0
007 ta
008 220922b |||||||| |||| 00| 0 rus d
024 _a271,852
037 _cTextual
040 _aARTS
_cARTS
_brus
041 _2rus
_arus
082 _aO142,3M68x, 153K7
100 _aਗੋਰਕੀ; ਸਿੰਘ, ਸੁਖਬੀਰ, ੳਗ.
_9160783
245 0 _aਗੋਰਕੀ ਦੀਆਂ ਕਹਾਣੀਆਂ
260 _c1967
650 _aਰਾFੀਅਨ ਸਾਹਿਤ
942 _hO142,3M68x, 153K7
_cTEXL
_2CC
999 _c379238
_d379238